<?xml version="1.0" encoding="UTF-8"?>
<collection xmlns="http://www.loc.gov/MARC21/slim">
 <record>
  <leader>01677nam a22002295a 4500</leader>
  <controlfield tag="001">CEM.cems024857</controlfield>
  <controlfield tag="008">250818s2023####ag############000#0#und#d</controlfield>
  <controlfield tag="005">20250818164911.0</controlfield>
  <datafield tag="245" ind1="1" ind2="0">
   <subfield code="a">De este lado del charco /</subfield>
   <subfield code="c">Mariana Komiseroff.</subfield>
  </datafield>
  <datafield tag="250" ind1=" " ind2=" ">
   <subfield code="a">2a ed.</subfield>
  </datafield>
  <datafield tag="260" ind1=" " ind2=" ">
   <subfield code="a">Buenos Aires :</subfield>
   <subfield code="b">Conejos,</subfield>
   <subfield code="c">2023.</subfield>
  </datafield>
  <datafield tag="300" ind1=" " ind2=" ">
   <subfield code="a">169 p.</subfield>
  </datafield>
  <datafield tag="490" ind1="1" ind2=" ">
   <subfield code="a">Identidades bonaerenses</subfield>
  </datafield>
  <datafield tag="500" ind1=" " ind2=" ">
   <subfield code="a">Edición especial de la Dirección de Cultura y Educación de la Provincia de Buenos Aires.</subfield>
  </datafield>
  <datafield tag="500" ind1=" " ind2=" ">
   <subfield code="a">Sugerencia de edad: requiere acompañamiento y mediación de un lector adulto para su abordaje.</subfield>
  </datafield>
  <datafield tag="520" ind1=" " ind2=" ">
   <subfield code="a">Una familia de cuatro chicos y una madre silenciosa llegan desde Uruguay para instalarse en un barrio pobre del conurbano bonaerense. Son varios los años y los conflictos que se suceden desde que atravesaron el Río de la Plata y el portoncito de la casa materna para jugar a la escondida. En esta historia se dan cita la vida del trabajo y de la necesidad, las relaciones afectivas, la comunidad, el dolor, la ausencia de un padre alcohólico que va y viene, lo que se desarma y la fuerza que se necesita para construir. Y el paso del tiempo, sobre todo. Novela de iniciación, donde acompañamos a un adolescente hasta la adultez y vemos las huellas que el dolor deja y cómo lo transforma todo. El libro avanza a gran velocidad y cautiva con su ritmo cinematográfico a partir de una prosa seca y coloquial, de a ratos áspera, de a ratos vertiginosa.</subfield>
  </datafield>
  <datafield tag="020" ind1=" " ind2=" ">
   <subfield code="a">9789873609541</subfield>
  </datafield>
  <datafield tag="100" ind1="1" ind2=" ">
   <subfield code="a">Komiseroff, Mariana.</subfield>
  </datafield>
  <datafield tag="653" ind1=" " ind2=" ">
   <subfield code="a">Literatura argentina</subfield>
  </datafield>
  <datafield tag="653" ind1=" " ind2=" ">
   <subfield code="a">Novela argentina</subfield>
  </datafield>
  <datafield tag="653" ind1=" " ind2=" ">
   <subfield code="a">Identidades bonaerenses</subfield>
  </datafield>
  <datafield tag="859" ind1=" " ind2=" ">
   <subfield code="a">CEMS</subfield>
   <subfield code="b">BIB. CEMS - 11 de abril</subfield>
   <subfield code="h">A863.4</subfield>
   <subfield code="i">K817</subfield>
   <subfield code="p">30182.25</subfield>
   <subfield code="t">Ej.1</subfield>
  </datafield>
 </record>
</collection>
